Nehľadaj ma

Saved in:
Bibliographic Details
Main Author Sigurdardóttir, Yrsa
Format Electronic eBook
LanguageCzech
Published Cosmopolis SK 2026
Edition1. elektronické vydání
Subjects
Online AccessDostupné v BOOKPORT po přihlášení pomocí eduID
ISBN978-80-8305-301-4
978-80-830-5302-1
978-80-8305-300-7
Physical Description1 online zdroj (320 stran)

Cover

LEADER 00000nam a2200000 i 4500
001 bkp100354
003 CZ-prgp
005 20260407112623.0
006 m o d
007 cr cn
008 260407s2026 xr o 000 1 cze
020 |a 978-80-8305-301-4  |c 17 Kč  |q (online ; pdf) 
020 |a 978-80-830-5302-1  |c 17 Kč  |q (online ; epub) 
020 |a 978-80-8305-300-7  |c 20 Kč  |q (print) 
040 |a Grada  |b cze  |e rda 
100 1 |a Sigurdardóttir, Yrsa 
245 1 0 |a Nehľadaj ma  |c Yrsa Sigurdardóttir 
250 |a 1. elektronické vydání 
264 1 |b Cosmopolis SK  |c 2026 
300 |a 1 online zdroj (320 stran) 
336 |a text  |b txt  |2 rdacontent 
337 |a počítač  |b c  |2 rdamedia 
338 |a online zdroj  |b cr  |2 rdacarrier 
520 3 |a Nočná mora bez konca - to je nevyriešený prípad zmiznutia, ktorý teraz znova ožíva. Na jeho pozadí sa Týr a Idunn dozvedia odpoveď na otázku, ktorú čoskoro obaja oľutujú. 
650 0 4 |a Krimi, detektivky 
856 4 0 |u https://www.bookport.cz/AccountSaml/SignIn/?idp=https://shibboleth.utb.cz/idp/shibboleth&returnUrl=/kniha/nehladaj-ma-15939/  |y Dostupné v BOOKPORT po přihlášení pomocí eduID